Gnoseología jurídica y vitalismo radical (Record no. 189501)

MARC details
000 -LEADER
campo de control de longitud fija 00925nam a2200229 i 4500
001 - NÚMERO DE CONTROL
campo de control 189501
003 - IDENTIFICADOR DE NÚMERO DE CONTROL
campo de control SpMaBN
005 - FECHA Y HORA DE LA ÚLTIMA TRANSACCIÓN
campo de control 20250809062602.0
008 - DATOS DE LONGITUD FIJA--INFORMACIÓN GENERAL
campo de control de longitud fija 190605s1971 sp |||| | spa d
080 ## - NÚMERO DE LA CLASIFICACIÓN DECIMAL UNIVERSAL
Número de la Clasificación Decimal Universal 860-531"19"
100 1# - ENTRADA PRINCIPAL--NOMBRE DE PERSONA
Nombre de persona Gómez Carrera, Carlos.
9 (RLIN) 57860
245 10 - MENCIÓN DEL TÍTULO
Título Gnoseología jurídica y vitalismo radical
Resto del título : discurso /
Mención de responsabilidad, etc. leído el día 27 de febrero de 1970, en la solemne sesión de ingreso del académico... D. Carlos Gómez Carrera y contestación... D. Gerardo Abad-Conde y Sevilla.
260 ## - PUBLICACIÓN, DISTRIBUCIÓN, ETC.
Lugar de publicación, distribución, etc. La Coruña :
Nombre del editor, distribuidor, etc. Academia Gallega de Jurisprudencia y Legislación,
Fecha de publicación, distribución, etc. 1971.
300 ## - DESCRIPCIÓN FÍSICA
Extensión 42 p. ;
Dimensiones 27 cm.
500 ## - NOTA GENERAL
Nota general Índice.
650 #4 - PUNTO DE ACCESO ADICIONAL DE MATERIA--TÉRMINO DE MATERIA
Término de materia o nombre geográfico como elemento de entrada Derecho-
Subdivisión general Filosofía
9 (RLIN) 11620
650 #4 - PUNTO DE ACCESO ADICIONAL DE MATERIA--TÉRMINO DE MATERIA
Término de materia o nombre geográfico como elemento de entrada Vitalismo.
9 (RLIN) 141867
700 1# - ENTRADA AGREGADA--NOMBRE PERSONAL
Nombre de persona Abad-Conde y Sevilla, Gerardo,
Fechas asociadas al nombre 1909-1988
9 (RLIN) 167276
710 2# - ENTRADA AGREGADA--NOMBRE DE ENTIDAD CORPORATIVA
Nombre de entidad corporativa o nombre de jurisdicción como elemento de entrada Academia Gallega de Jurisprudencia y Legislación.
9 (RLIN) 1197
852 ## - LOCALIZACIÓN
Ubicación ES-MaACL
Número de control de estantería 2341-F-5
Holdings
Estatus retirado Estado de pérdida Estado de daño No para préstamo Colección Biblioteca de origen Biblioteca actual Ubicación en estantería Fecha de adquisición Fuente de adquisición Total de préstamos Signatura topográfica completa Código de barras Visto por última vez Precio de reemplazo Tipo de ítem Koha
        Colección de folletos Biblioteca del Ateneo de Madrid Biblioteca del Ateneo de Madrid Depósito folletos 05/06/2019     2341-F-5 1200793 23/02/2023 23/02/2023 Folleto